000 00328nam a2200145Ia 4500
008 240624s9999 xx 000 0 und d
041 _aeng
082 _a338.5442 FIL
100 _aFILDES ROBERT
245 _aFORECASTING
260 _c2011
_aLondon
_bSage
300 _axl, 387 p.; 23 cm.
365 _cBPS
_b38
440 _v2
999 _c29263
_d29263